000 00923nam0a22002771 4500
001 rc\379400
005 20250621060541.0
010 _a5-08-000405-3
_92000000
035 _a(NLR Aleph) 005611040
090 _a6413618
_c6413618
100 _a20030307d1989 |||y0rusy50 ca
101 0 _arus
102 _aRU
105 _aa |||||||||
200 1 _aУхти-Тухти
_eСказка
_fБ. Поттер
_gПересказ с англ. О. Образцовой
_gРис. И. Наховой
210 _aМ.
_cДет. лит.
_d1989
215 _a14, [2] с.
_cцв. ил.
_d21
225 1 _aМои первые книжки
300 _aНа обл. авт.: Беатрис Поттер
700 1 _aПоттер
_bБ.
_f1866-1943
_gБеатриса
702 1 _aОбразцова
_bО.
_gОльга
_4570
801 0 _aRU
_bNLR
_gpsbo
801 1 _aRU
_bELAR
_2rusmarc
852 _aNLR
_j89-4/18906
942 _cBOOK
980 _aNB